000 01988cam a2200469Ia 4500
001 7804699
003 OSt
005 20150408114153.0
006 m d
007 cr cn|||||||||
008 100520r20071994enka sb 001 0 eng d
020 _a9780080571546 (electronic bk.)
020 _a0080571549 (electronic bk.)
035 _a(OCoLC)794844005
035 _a(OCoLC)ocn794844005
035 _a(NNC)7804699
037 _bKnovel Corporation
_nhttp://www.knovel.com
040 _aKNOVL
_cKNOVL
_dZCU
050 1 4 _aTP155
_b.R53 2007eb
082 0 4 _a660
_222
_bRJC
100 1 _aRichardson, J. F.
_q(John Francis)
_939934
245 1 0 _aChemical engineering.
_nVolume 3,
_pChemical & biochemical reactors & process control
_h[electronic resource] /
_ceditors of volume three, J.F. Richardson and D.G. Peacock.
246 3 _aCoulson & Richardson's Chemical engineering
246 3 _aCoulson and Richardson's Chemical engineering
246 3 0 _aChemical & biochemical reactors & process control
250 _a3rd ed.
260 _aOxford ;
_aBurlington, Mass. :
_bButterworth-Heinemann,
_c2007.
300 _axix, 776 p. :
_bill. ;
_c25 cm.
500 _aPrevious editions have title: Chemical engineering.
500 _aThis ed. first published 1994.
504 _aIncludes bibliographical references and indexes.
533 _aElectronic reproduction.
_bNorwich, N.Y. :
_cKnovel,
_d2010.
_nSystem requirements: Adobe Acrobat Reader.
_nAvailable via the World Wide Web.
_nAccess restricted to users at licensed institutions.
_nIncludes interactive index.
650 0 _aChemical engineering.
655 4 _aElectronic books.
_94135
700 1 _aPeacock, D. G.
_940248
700 1 _aCoulson, J. M.
_q(John Metcalfe).
_tChemical engineering.
_939935
710 2 _aKnovel (Firm)
_940249
776 1 _cOriginal
_z9780080410036
856 4 0 _uhttp://www.columbia.edu/cgi-bin/cul/resolve?clio7804699
_zClick here for full text.
942 _2ddc
_cDVD
999 _c32251
_d266751